[Event "Dundee & Angus Major"]
[Site "?"]
[Date "2016.10.07"]
[Round "1"]
[White "MacQueen, Andrew"]
[Black "Pearston, John M"]
[Result "1/2-1/2"]
[WhiteElo "1750"]
[BlackElo "1504"]
[PlyCount "91"]
[WhiteTeam "Scotland"]
[BlackTeam "Germany 2"]

1. e4 e5 2. Nf3 Nf6 3. Bc4 Nc6 4. O-O Be7 5. d4 d6 6. dxe5 Nxe5 7. Nxe5 dxe5 8.
Nc3 Qxd1 9. Rxd1 O-O 10. Bg5 c6 11. h3 b5 12. Bb3 Bb7 13. Bxf6 Bxf6 14. Rd7
Rab8 15. Rad1 c5 16. Nxb5 Bc6 17. Nxa7 Bxd7 18. Rxd7 c4 19. Bxc4 Rxb2 20. Bb3
Rb1+ 21. Kh2 Re1 22. f3 Bg5 23. g3 Re2+ 24. Kh1 Rf2 25. Rd3 Rd8 26. Rxd8+ Bxd8
27. Nc6 Bf6 28. a4 Rxf3 29. a5 Rf1+ 30. Kg2 Ra1 31. Bc4 Kf8 32. Bb5 Be7 33. a6
f6 34. Kf3 h5 35. Ke2 Ra3 36. Nxe7 Kxe7 37. Bd3 Kd6 38. Kf3 g5 39. g4 h4 40.
Ke2 Kc7 41. Kf2 Kb6 42. Ke3 Ka7 43. Kf2 Ra1 44. Bf1 Rc1 45. Bd3 Rd1 46. Kg2
1/2-1/2

[Event "Dundee & Angus Major"]
[Site "?"]
[Date "2016.10.07"]
[Round "1"]
[White "Pincheira, Bernardo"]
[Black "Watson, James"]
[Result "0-1"]
[WhiteElo "1360"]
[BlackElo "1647"]
[PlyCount "80"]
[WhiteTeam "Scotland"]
[BlackTeam "Germany 2"]

1. d4 Nf6 2. c4 e6 3. Nf3 b6 4. Bg5 Be7 5. Nbd2 Bb7 6. e3 Ne4 7. Bxe7 Qxe7 8.
Bd3 f5 9. Bxe4 fxe4 10. Ne5 O-O 11. f3 d6 12. Ng4 Na6 13. f4 Qh4+ 14. g3 Qe7
15. a3 c5 16. O-O cxd4 17. exd4 h5 18. Ne3 g6 19. b4 Rae8 20. Qc2 d5 21. c5 Rc8
22. b5 bxc5 23. Qa4 cxd4 24. bxa6 dxe3 25. axb7 Qxb7 26. Nb3 Rc4 27. Na5 Rxa4
28. Nxb7 Rb8 29. Nc5 Rc4 30. Nxe6 Rb2 31. Rfb1 Rd2 32. Rd1 Rcc2 33. Re1 Rg2+
34. Kh1 Rxh2+ 35. Kg1 Rcg2+ 36. Kf1 e2+ 37. Rxe2 Rxe2 38. Rd1 Ra2 39. Kg1 Rag2+
40. Kf1 Rh1+ 0-1

[Event "Dundee & Angus Major"]
[Site "?"]
[Date "2016.10.07"]
[Round "1"]
[White "Flockhart, Hugh"]
[Black "Shafi, Paul"]
[Result "1/2-1/2"]
[WhiteElo "1419"]
[BlackElo "1657"]
[PlyCount "67"]
[WhiteTeam "Scotland"]
[BlackTeam "Germany 2"]

1. e4 d5 2. exd5 Qxd5 3. Nc3 Qd8 4. Bb5+ c6 5. Bc4 Nf6 6. h3 e6 7. Nf3 Nbd7 8.
d3 Nb6 9. Bb3 Be7 10. Bf4 O-O 11. Qe2 Nbd5 12. Bd2 Bb4 13. a3 Nxc3 14. bxc3 Be7
15. O-O b6 16. Rad1 Bxa3 17. Rfe1 Re8 18. Bg5 Be7 19. Nd4 Qd6 20. Qf3 Nd5 21.
Bxe7 Nxe7 22. Nb5 Qb8 23. Nd4 Qd6 24. Nb5 Qd7 25. Nd4 Nd5 26. Ne2 Bb7 27. c4
Nf6 28. Qg3 c5 29. Nc3 a6 30. Na4 $11 Qc6 31. Nc3 Nh5 32. Qh2 Nf6 33. Ba4 b5
34. cxb5 1/2-1/2

[Event "Dundee & Angus Major"]
[Site "?"]
[Date "2016.10.07"]
[Round "1"]
[White "Murray, Frankie"]
[Black "Sawaryn, Steve"]
[Result "0-1"]
[WhiteElo "1632"]
[BlackElo "1342"]
[PlyCount "99"]
[WhiteTeam "Scotland"]
[BlackTeam "Germany 2"]

1. e4 c5 2. Nc3 d6 3. f4 Nc6 4. Nf3 e6 5. d4 cxd4 6. Nxd4 Nf6 7. Bb5 Bd7 8. Be3
e5 9. Nxc6 Bxc6 10. Bxc6+ bxc6 11. fxe5 dxe5 12. Qxd8+ Rxd8 13. Rd1 Bb4 14.
Rxd8+ Kxd8 15. Bg5 Ke7 16. Bxf6+ Kxf6 17. O-O+ Ke6 18. Rf3 Rd8 19. Rd3 Rxd3 20.
cxd3 Bc5+ 21. Kf1 Bd4 22. Ke2 f5 23. Kf3 g5 24. exf5+ Kxf5 25. g4+ Kg6 26. Ke4
h5 27. h3 hxg4 28. hxg4 Kf6 29. Nd1 Ke6 30. b3 a6 31. b4 c5 32. bxc5 Bxc5 33.
Ne3 Bd6 34. a4 Bc7 35. Nd5 Ba5 36. Ne3 Bd2 37. Nf1 Bf4 38. d4 exd4 39. Kxd4 Bd6
40. Kc4 Bc7 41. Kb4 Kd5 42. Ne3+ Ke4 43. Nc4 Kf4 44. Kc5 Kxg4 45. Kc6 Bd8 46.
Nb6 Kh3 47. Kb7 g4 48. Kxa6 g3 49. Kb5 g2 50. a5 {Remaining moves illegible}
0-1

[Event "Dundee & Angus Major"]
[Site "?"]
[Date "2016.10.07"]
[Round "1"]
[White "Thomas, Phil"]
[Black "Kosior, Pawel"]
[Result "0-1"]
[WhiteElo "1795"]
[BlackElo "1543"]
[PlyCount "80"]
[WhiteTeam "Scotland"]
[BlackTeam "Germany 2"]

1. e4 c5 2. Nf3 Nc6 3. Bb5 g6 4. Bxc6 bxc6 5. O-O Nf6 6. e5 Nd5 7. c4 Nc7 8. d3
Bg7 9. Nc3 O-O 10. Be3 d6 11. Qd2 Bg4 12. exd6 exd6 13. Ng5 Re8 14. h3 Bf5 15.
Nge4 Ne6 16. Ng3 Nd4 17. Nxf5 Nxf5 18. Ne4 Rb8 19. Rab1 Rb7 20. b3 Nxe3 21.
fxe3 f5 22. Ng3 Rxe3 23. Rf3 Rxf3 24. gxf3 Qh4 25. Kg2 Re7 26. f4 Bd4 27. Re1
Rxe1 28. Qxe1 Qxf4 29. Qe8+ Kg7 30. Nh5+ gxh5 31. Qe7+ Kg6 32. Qe8+ Kg5 33.
Qe7+ Bf6 34. Qxh7 Qd2+ 35. Kh1 Qe1+ 36. Kg2 Qe2+ 37. Kh1 Qf3+ 38. Kh2 Qf2+ 39.
Kh1 Qf1+ 40. Kh2 Be5# 0-1

[Event "Dundee & Angus Major"]
[Site "?"]
[Date "2016.10.07"]
[Round "1"]
[White "Tinas, Christos"]
[Black "Clegg, Robert"]
[Result "1/2-1/2"]
[WhiteElo "1534"]
[BlackElo "1791"]
[PlyCount "55"]
[WhiteTeam "Scotland"]
[BlackTeam "Germany 2"]

1. e4 e6 2. d4 d5 3. exd5 exd5 4. Nf3 Bd6 5. Be3 Ne7 6. Bd3 Bg4 7. Nbd2 Nbc6 8.
c3 Qd7 9. Qc2 Nf5 10. h3 Nxe3 11. fxe3 Bg3+ 12. Kd1 Bh5 13. Nf1 Bd6 14. Kd2 Bg6
15. Re1 O-O-O 16. Kc1 Rde8 17. N1d2 Kb8 18. e4 Bg3 19. Re2 dxe4 20. Nxe4 Bf4+
21. Kb1 Qc8 22. Rhe1 f6 23. Nc5 Bxd3 24. Qxd3 g6 25. Rxe8 Rxe8 26. Rxe8 Qxe8
27. Qe4 Qxe4+ $11 28. Nxe4 1/2-1/2

[Event "Dundee & Angus Major"]
[Site "?"]
[Date "2016.10.07"]
[Round "1"]
[White "Clinton, William"]
[Black "Atkins, Graham"]
[Result "1/2-1/2"]
[WhiteElo "1649"]
[BlackElo "1401"]
[PlyCount "65"]
[WhiteTeam "Scotland"]
[BlackTeam "Germany 2"]

1. e4 g6 2. d4 Bg7 3. Nc3 d6 4. f4 Nc6 5. Nf3 Bg4 6. Be3 e5 7. fxe5 dxe5 8. d5
Nd4 9. Be2 Nxf3+ 10. Bxf3 Bxf3 11. Qxf3 Nf6 12. O-O Qd7 13. Bg5 Nh5 14. Rad1
O-O 15. g4 Nf4 16. Bxf4 exf4 17. Qxf4 Rae8 18. Rf2 Be5 19. Qf3 a6 20. h3 Qd6
21. Kg2 Qb4 22. Rb1 Bxc3 23. Qxc3 Qxe4+ 24. Qf3 Qxf3+ 25. Rxf3 Re2+ 26. Rf2
Rxf2+ 27. Kxf2 f5 28. Kg3 f4+ 29. Kf3 g5 30. Re1 Kf7 31. Re5 h6 32. Re6 Kg7 33.
Re7+ 1/2-1/2

[Event "Dundee & Angus Major"]
[Site "?"]
[Date "2016.10.07"]
[Round "1"]
[White "Young, Colin"]
[Black "Volland, Ben"]
[Result "0-1"]
[WhiteElo "1329"]
[BlackElo "1626"]
[PlyCount "114"]
[WhiteTeam "Scotland"]
[BlackTeam "Germany 2"]

1. c4 f5 2. Nc3 Nf6 3. g3 e6 4. Bg2 Be7 5. Nf3 d6 6. d4 O-O 7. O-O a5 8. a4 Bd7
9. b3 Ne4 10. Qd3 Bc6 11. d5 Nxc3 12. dxc6 Nxc6 13. Bb2 Ne4 14. Nd2 Nb4 15. Qe3
Nc2 16. Qd3 Nxa1 17. Nxe4 fxe4 18. Bxe4 Bf6 19. Bxh7+ Kh8 20. Bxa1 Bxa1 21.
Rxa1 Qf6 22. Rf1 d5 23. cxd5 exd5 24. Qc2 c6 25. Bd3 b6 26. Qd1 Rac8 27. e3 Qf3
28. Qxf3 Rxf3 29. Kg2 Rf6 30. h4 c5 31. Rc1 c4 32. bxc4 Rfc6 33. f4 dxc4 34.
Bf5 Rd8 35. Kf3 Rd2 36. e4 Rd3+ 37. Kg4 g6 38. Be6 Rxe6 39. Rxc4 Re3 40. e5 Kg7
41. Rc7+ Kf8 42. Rc8+ Kf7 43. Rc7+ Ke8 44. Rh7 Ra3 45. h5 gxh5+ 46. Rxh5 Rg6+
47. Kf5 Raxg3 48. Ke4 R3g4 49. Kf5 Ke7 50. Rh7+ Kf8 51. e6 Rg7 52. Rh6 Ke7 53.
Rf6 Rg3 54. Ke5 Ra3 55. f5 Re3+ 56. Kf4 Kxf6 57. Kxe3 Kxf5 0-1

[Event "Dundee & Angus Major"]
[Site "?"]
[Date "2016.10.08"]
[Round "2"]
[White "Watson, James"]
[Black "Noble, Ray"]
[Result "1/2-1/2"]
[WhiteElo "1647"]
[BlackElo "1448"]
[PlyCount "133"]
[WhiteTeam "Scotland"]
[BlackTeam "Germany 2"]

1. e4 c5 2. Nf3 Nc6 3. Nc3 g6 4. d4 cxd4 5. Nxd4 e5 6. Ndb5 d6 7. Be2 a6 8. Na3
b5 9. Nd5 Bg7 10. Be3 Nd4 11. c3 Nxe2 12. Qxe2 Rb8 13. O-O Be6 14. Nc2 Bxd5 15.
exd5 Ne7 16. Rad1 O-O 17. Bg5 f6 18. Bc1 a5 19. a3 Qc7 20. f4 Nc8 21. f5 g5 22.
Be3 Na7 23. Qf2 Rb7 24. Rc1 Nc8 25. Rfd1 Nb6 26. Bxb6 Qxb6 27. Qxb6 Rxb6 28.
Ne3 Rc8 29. c4 Rcc6 30. b4 axb4 31. axb4 Rc8 32. c5 Ra6 33. cxd6 Rxc1 34. Rxc1
Rxd6 35. Rc8+ Bf8 36. Rb8 Ra6 37. Rxb5 Ra4 38. Ng4 Ra6 39. Rb7 h5 40. Ne3 Ra4
41. Kf2 Bxb4 42. Rb8+ Kg7 43. Rb7+ Kf8 44. Rb8+ Ke7 45. Rb5 Bd6 46. Rb7+ $11
Kd8 47. Rb3 Ra3 48. Rxa3 Bxa3 49. Kf3 Kd7 50. Ke4 Bc5 51. Nc4 g4 52. h3 gxh3
53. gxh3 h4 54. Nxe5+ fxe5 55. Kxe5 Bd6+ 56. Ke4 Ke7 57. Kf3 Kf6 58. Kg2 Kxf5
59. Kh1 Ke4 60. Kg2 Kxd5 61. Kh1 Ke4 62. Kg2 Bf4 63. Kh1 Kf3 64. Kg1 Kg3 65.
Kh1 Kxh3 66. Kg1 Kg3 67. Kh1 1/2-1/2

[Event "Dundee & Angus Major"]
[Site "?"]
[Date "2016.10.08"]
[Round "2"]
[White "Young, Colin"]
[Black "Andrews, Norman"]
[Result "1/2-1/2"]
[WhiteElo "1329"]
[BlackElo "1558"]
[PlyCount "119"]
[WhiteTeam "Scotland"]
[BlackTeam "Germany 2"]

1. c4 e5 2. Nc3 Nf6 3. g3 Nc6 4. Bg2 Be7 5. Nf3 Rb8 6. O-O O-O 7. d3 d6 8. a3
a6 9. b4 Ne8 10. Be3 Bf6 11. Bd2 Ne7 12. Qc2 Bf5 13. Ne1 Nc6 14. e3 g6 15. b5
axb5 16. cxb5 Ne7 17. Nd5 Nxd5 18. Bxd5 Bg7 19. Ba5 b6 20. Bc3 Nf6 21. Bc6 Bd7
22. Bb4 Re8 23. Rc1 Bxc6 24. Qxc6 Rc8 25. a4 d5 26. Qc3 Qd7 27. Nc2 Qh3 28. Qd2
Bh6 29. f4 d4 30. fxe5 dxe3 31. Qe2 Ng4 32. d4 c5 33. dxc5 bxc5 34. Bc3 Rcd8
35. Qg2 Qxg2+ 36. Kxg2 e2 37. Rh1 Bxc1 38. Rxc1 Rd1 39. Ra1 Rxa1 40. Nxa1 Rxe5
41. Nc2 Ne3+ 42. Nxe3 Rxe3 43. Be1 c4 44. Kf2 Ra3 45. a5 c3 46. a6 Ra5 47. Bxc3
Ra4 48. Kxe2 Kf8 49. Kd3 Ke8 50. Bd4 Kd8 51. a7 Kc8 52. b6 Kb7 53. Ke4 f5+ 54.
Ke3 Ra2 55. h4 Ra3+ 56. Kf4 Ra4 57. Ke5 Ra5+ 58. Kf6 Rd5 59. Bf2 Rd2 60. Be3
1/2-1/2

[Event "Dundee & Angus Major"]
[Site "?"]
[Date "2016.10.08"]
[Round "2"]
[White "Smith, Stepheen H"]
[Black "Kosior, Pawel"]
[Result "1-0"]
[WhiteElo "1676"]
[BlackElo "1543"]
[PlyCount "91"]
[WhiteTeam "Scotland"]
[BlackTeam "Germany 2"]

1. e4 c5 2. Nf3 Nc6 3. d4 cxd4 4. Nxd4 g6 5. c4 Bg7 6. Be3 d6 7. Be2 Nf6 8. Nc3
O-O 9. O-O a6 10. h3 Bd7 11. Qd2 Rc8 12. Rad1 Ne5 13. b3 Qa5 14. f4 Nc6 15. g4
Nxd4 16. Bxd4 Bc6 17. Bf3 Rfe8 18. g5 e5 19. gxf6 exd4 20. Qxd4 Bh6 21. Bg2 Re6
22. Rf2 Bf8 23. Nd5 Qc5 24. Qb2 b5 25. f5 Re5 26. fxg6 hxg6 27. b4 Qxc4 28. Nb6
Qe6 29. Nxc8 Qxc8 30. Rc1 Qb7 31. Re1 Qb6 32. Qd2 Qd8 33. Kh2 Kh7 34. Qc3 Bb7
35. Rc1 Qa8 36. Qc7 Kg8 37. Qd7 Bxe4 38. Rc8 Bxg2 39. Rxa8 Bxa8 40. Qa7 Bd5 41.
Qxa6 Bc4 42. a4 d5 43. Qc6 Bxb4 44. axb5 Be1 45. Qc8+ Kh7 46. Qf8 1-0

[Event "Dundee & Angus Major"]
[Site "?"]
[Date "2016.10.08"]
[Round "2"]
[White "Le Feuvre, Gwenole"]
[Black "Moore, Robin"]
[Result "0-1"]
[WhiteElo "1299"]
[BlackElo "1683"]
[PlyCount "64"]
[WhiteTeam "Scotland"]
[BlackTeam "Germany 2"]

1. e4 c5 2. Nf3 d6 3. d4 cxd4 4. c3 dxc3 5. Nxc3 Nc6 6. Bc4 e6 7. Qe2 Be7 8.
O-O a6 9. Rd1 b5 10. Bd3 Bb7 11. Bf4 e5 12. Bxe5 dxe5 13. Bxb5 Qb8 14. Ba4 Nf6
15. Qc4 O-O 16. Bxc6 Bxc6 17. Qxc6 Rc8 18. Qa4 Qxb2 19. Nd5 Nxd5 20. exd5 Bc5
21. Qh4 Rab8 22. h3 Rb4 23. Rab1 Qxb1 24. Rxb1 Rxb1+ 25. Kh2 Bd6 26. g3 h6 27.
Qa4 Rb2 28. Qd7 Rc1 29. Ng1 Rxf2+ 30. Kh1 Rcc2 31. Nf3 Rxf3 32. Qd8+ Kh7 0-1

[Event "Dundee & Angus Major"]
[Site "?"]
[Date "2016.10.08"]
[Round "2"]
[White "Atkins, Graham"]
[Black "MacQueen, Andrew"]
[Result "1/2-1/2"]
[WhiteElo "1401"]
[BlackElo "1750"]
[PlyCount "107"]
[WhiteTeam "Scotland"]
[BlackTeam "Germany 2"]

1. e4 c5 2. Nf3 d6 3. d4 cxd4 4. Nxd4 Nf6 5. Nc3 a6 6. Bc4 g6 7. Be3 Bg7 8. Bb3
Nc6 9. Qd2 O-O 10. f3 Bd7 11. O-O-O Na5 12. g4 Nxb3+ 13. Nxb3 Rc8 14. Bh6 Be6
15. Bxg7 Kxg7 16. h4 h5 17. g5 Ne8 18. f4 Qb6 19. Nd5 Bxd5 20. Qxd5 Nc7 21.
Qd4+ Qxd4 22. Nxd4 Ne6 23. Rhf1 Rc4 24. c3 Rfc8 25. Nxe6+ fxe6 26. Rfe1 R8c7
27. Rd3 b5 28. a3 a5 29. Kd2 b4 30. axb4 axb4 31. Ree3 b3 32. Kc1 Ra4 33. Rd1
Rca7 34. Re2 Kf7 35. Kd2 Ra1 36. Rxa1 Rxa1 37. c4 Rh1 38. Rf2 Rxh4 39. Rf3 Rg4
40. Ke2 Rg2+ 41. Rf2 Rg4 42. Rf3 h4 43. Kf2 h3 44. Rxh3 Rxf4+ 45. Rf3 e5 46.
Ke3 Rxf3+ 47. Kxf3 e6 48. Ke3 Ke7 49. Kd3 Kd7 50. Kc3 Kc6 51. Kxb3 d5 52. Kc3
d4+ 53. Kd3 Kc5 54. b3 $11 1/2-1/2

[Event "Dundee & Angus Major"]
[Site "?"]
[Date "2016.10.08"]
[Round "2"]
[White "Connolly Sams, Dietah"]
[Black "Aitchison, A Keith"]
[Result "0-1"]
[WhiteElo "1016"]
[BlackElo "1625"]
[PlyCount "86"]
[WhiteTeam "Scotland"]
[BlackTeam "Germany 2"]

1. d4 f5 2. Bg5 Nf6 3. e3 g6 4. Bxf6 exf6 5. Nf3 b6 6. Bc4 d5 7. Bb3 Ba6 8.
Nbd2 c6 9. Rc1 Nd7 10. c4 dxc4 11. Nxc4 Bb4+ 12. Ncd2 c5 13. a3 Ba5 14. Bc4
Bxc4 15. Rxc4 b5 16. Rc1 c4 17. a4 a6 18. O-O O-O 19. Nb1 Qe7 20. axb5 axb5 21.
b3 Rfc8 22. bxc4 bxc4 23. Qe2 Nb6 24. Nbd2 c3 25. Nb1 Kg7 26. Qd3 Nd5 27. Qb5
Qd6 28. Qb3 Kh6 29. Rc2 Rab8 30. Qa4 Qb4 31. Qxb4 Rxb4 32. Rfc1 Rb3 33. Kf1 Bb4
34. h3 Ra8 35. Ne1 Ra1 36. Nd3 Raxb1 37. Rxb1 Rxb1+ 38. Ke2 Ba3 39. f3 Rb2 40.
Kd1 Nxe3+ 41. Ke2 Nxc2 42. d5 Nd4+ 43. Ke3 Nb5 0-1

[Event "Dundee & Angus Major"]
[Site "?"]
[Date "2016.10.08"]
[Round "2"]
[White "Sawaryn, Steve"]
[Black "Emery, Keith"]
[Result "0-1"]
[WhiteElo "1342"]
[BlackElo "1657"]
[PlyCount "102"]
[WhiteTeam "Scotland"]
[BlackTeam "Germany 2"]

1. e4 Nf6 2. e5 Nd5 3. c4 Nb6 4. d4 d6 5. Nc3 dxe5 6. dxe5 Qxd1+ 7. Kxd1 Nc6 8.
Nb5 Kd8 9. Bf4 e6 10. Nf3 h6 11. b3 Bc5 12. Ke2 a6 13. Rd1+ Nd7 14. Nbd4 Nxd4+
15. Nxd4 Ke7 16. h4 Bxd4 17. Rxd4 b5 18. Rh3 Nb6 19. Rc3 b4 20. Rg3 g6 21. Bd2
a5 22. Be3 a4 23. Bd2 c5 24. Rd6 Nd7 25. f4 axb3 26. axb3 Ra6 27. Rgd3 Rxd6 28.
exd6+ Kf6 29. g4 e5 30. Bc1 exf4 31. Bb2+ Ne5 32. d7 Bxd7 33. Rxd7 Ke6 34. Rd5
f3+ 35. Kf2 Nxg4+ 36. Kxf3 Nf6 37. Rxc5 Rd8 38. Bh3+ Ke7 39. Rc7+ Nd7 40. Rxd7+
Rxd7 41. Bxd7 Kxd7 42. Bg7 h5 43. Bf8 Ke6 44. Bxb4 Kf5 45. Bd2 f6 46. c5 g5 47.
hxg5 fxg5 48. Bxg5 Kxg5 49. c6 Kh4 50. Kg2 Kg4 51. c7 Kh4 0-1

[Event "Dundee & Angus Major"]
[Site "?"]
[Date "2016.10.08"]
[Round "2"]
[White "Volland, Ben"]
[Black "McMillan, Andrew"]
[Result "0-1"]
[WhiteElo "1626"]
[BlackElo "1294"]
[PlyCount "48"]
[WhiteTeam "Scotland"]
[BlackTeam "Germany 2"]

1. c4 e6 2. Nc3 d5 3. g3 Nf6 4. Bg2 Be7 5. d4 O-O 6. cxd5 exd5 7. Bf4 c6 8. Nf3
Nbd7 9. Rc1 Nb6 10. O-O Bf5 11. Ne5 Qc8 12. Qb3 Bh3 13. Nb5 Bxg2 14. Kxg2 Qd8
15. Nxc6 bxc6 16. Rxc6 Nc4 17. Nc7 Na5 18. Qa4 Nxc6 19. Qxc6 Rc8 20. Rc1 Ne8
21. Qb7 Nxc7 22. Bxc7 Qd7 23. Qxa7 Bd6 24. Bb6 Qxa7 0-1

[Event "Dundee & Angus Major"]
[Site "?"]
[Date "2016.10.08"]
[Round "2"]
[White "Shafi, Paul"]
[Black "Harvey, Douglas"]
[Result "1-0"]
[WhiteElo "1657"]
[BlackElo "1213"]
[PlyCount "47"]
[WhiteTeam "Scotland"]
[BlackTeam "Germany 2"]

1. d4 Nf6 2. Nf3 d5 3. e3 c6 4. Bd3 Bg4 5. h3 Bh5 6. Nbd2 Nbd7 7. Be2 Bxf3 8.
Nxf3 e6 9. O-O Bd6 10. b3 Qc7 11. Bb2 h5 12. Nd2 O-O-O 13. c4 Ne4 14. c5 Be7
15. Nxe4 dxe4 16. b4 Nf6 17. a4 g5 18. b5 Bxc5 19. bxc6 Qxc6 20. Rc1 Qb6 21.
Qc2 Nd7 22. dxc5 Nxc5 23. Qxc5+ Qxc5 24. Rxc5+ 1-0

[Event "Dundee & Angus Major"]
[Site "?"]
[Date "2016.10.08"]
[Round "2"]
[White "Hegde, Stuthi"]
[Black "Clinton, William"]
[Result "1/2-1/2"]
[WhiteElo "1331"]
[BlackElo "1649"]
[PlyCount "45"]
[WhiteTeam "Scotland"]
[BlackTeam "Germany 2"]

1. d4 Nf6 2. Nf3 c5 3. c3 cxd4 4. cxd4 d5 5. Nc3 Nc6 6. Bf4 Bf5 7. Qb3 Na5 8.
Qa4+ Bd7 9. Qd1 e6 10. e3 Qb6 11. Rb1 Rc8 12. Bd3 h6 13. h3 Bd6 14. Bxd6 Qxd6
15. O-O O-O 16. Ne5 Nc4 17. Nxc4 dxc4 18. Be2 Bc6 19. Bf3 Bxf3 20. Qxf3 Qc6 21.
Qxc6 Rxc6 22. Rfd1 Nd5 23. e4 $11 1/2-1/2

[Event "Dundee & Angus Major"]
[Site "?"]
[Date "2016.10.08"]
[Round "2"]
[White "Clegg, Robert"]
[Black "Flockhart, Hugh"]
[Result "1-0"]
[WhiteElo "1779"]
[BlackElo "1419"]
[PlyCount "71"]
[WhiteTeam "Scotland"]
[BlackTeam "Germany 2"]

1. d4 Nf6 2. c4 c5 3. d5 g6 4. Nc3 Bg7 5. e4 d6 6. h3 O-O 7. Nf3 b5 8. cxb5 a6
9. Bd2 axb5 10. Bxb5 Ba6 11. Qe2 Qb6 12. a4 Bxb5 13. Nxb5 Na6 14. O-O Nc7 15.
Nxc7 Qxc7 16. Bc3 Rfb8 17. Nd2 Rb7 18. Nc4 Rba7 19. a5 Qb7 20. Nb6 Re8 21. Qd3
Qa6 22. Qxa6 Rxa6 23. e5 dxe5 24. Bxe5 Rd8 25. Rfd1 Kf8 26. Bc7 Re8 27. d6 exd6
28. Bxd6+ Kg8 29. Bxc5 Nh5 30. Ra2 Nf4 31. b4 Ne2+ 32. Rxe2 Rxe2 33. Rd8+ Bf8
34. Bxf8 f5 35. b5 Re1+ 36. Kh2 1-0

[Event "Dundee & Angus Major"]
[Site "?"]
[Date "2016.10.08"]
[Round "3"]
[White "Doris, Peter"]
[Black "Pearston, John M"]
[Result "1-0"]
[WhiteElo "1360"]
[BlackElo "1504"]
[PlyCount "123"]
[WhiteTeam "Scotland"]
[BlackTeam "Germany 2"]

1. d4 f5 2. Bg5 h6 3. Bh4 c5 4. e3 Qb6 5. b3 cxd4 6. exd4 Qe6+ 7. Be2 g5 8. Bg3
f4 9. Bxf4 gxf4 10. Nf3 Nf6 11. Nc3 d5 12. Ne5 Nbd7 13. Nb5 Kd8 14. Nd3 Qf5 15.
f3 Rg8 16. Rg1 h5 17. Qd2 e5 18. O-O-O a6 19. dxe5 axb5 20. exf6 Qxf6 21. Kb1
Bg7 22. c3 Re8 23. Nxf4 Qxc3 24. Qxc3 Bxc3 25. Rxd5 Re5 26. Bxb5 Re1+ 27. Rxe1
Bxe1 28. Nxh5 Ke7 29. Bxd7 Bxd7 30. Re5+ Kf7 31. Rxe1 Bf5+ 32. Kb2 Rd8 33. Re2
b5 34. Ng3 Bg6 35. Ne4 b4 36. Rd2 Rg8 37. g3 Rh8 38. a3 bxa3+ 39. Kxa3 Ra8+ 40.
Kb2 Rh8 41. b4 Rb8 42. Kc3 Ke7 43. Rb2 Be8 44. Nc5 Bb5 45. f4 Rc8 46. Kd4 Kf6
47. g4 Kg6 48. h4 Rd8+ 49. Ke3 Re8+ 50. Kd4 Rd8+ 51. Ke5 Re8+ 52. Ne6 Bd7 53.
f5+ Kf7 54. b5 Bxe6 55. fxe6+ Rxe6+ 56. Kd5 Ke7 57. b6 Rd6+ 58. Kc5 Kd7 59. b7
Rc6+ 60. Kd5 Rd6+ 61. Ke4 Re6+ 62. Kf5 1-0

[Event "Dundee & Angus Major"]
[Site "?"]
[Date "2016.10.08"]
[Round "3"]
[White "Noble, Ray"]
[Black "Shafi, Paul"]
[Result "1/2-1/2"]
[WhiteElo "1448"]
[BlackElo "1657"]
[PlyCount "94"]
[WhiteTeam "Scotland"]
[BlackTeam "Germany 2"]

1. e4 d5 2. exd5 Qxd5 3. Nc3 Qd8 4. Nf3 Nf6 5. d4 Bg4 6. Bf4 e6 7. Be2 Bd6 8.
Ne5 Bxe2 9. Qxe2 O-O 10. O-O-O Qe7 11. g4 Nbd7 12. Bg5 Qe8 13. f4 Bb4 14. Ne4
Nxe4 15. Qxe4 Nxe5 16. fxe5 Be7 17. h4 c6 18. Bxe7 Qxe7 19. g5 Rad8 20. Rdg1 c5
21. dxc5 Qxc5 22. Rd1 Qa5 23. a3 Qc7 24. h5 b6 25. g6 fxg6 26. hxg6 h6 27. Rdg1
Rf5 28. Rd1 Rff8 29. Rdf1 Qe7 30. Rxf8+ Rxf8 31. Rd1 Rd8 32. Rxd8+ Qxd8 33. Qg2
Qg5+ 34. Qxg5 hxg5 35. Kd2 Kf8 36. c4 Ke7 37. b4 Kd7 38. Ke3 Kc6 39. Kf3 a5 40.
Kg4 b5 41. c5 axb4 42. axb4 Kd5 43. Kxg5 Kc6 44. Kg4 Kd5 45. Kf4 Kc6 46. Ke3
Kd5 $11 47. Kd3 Kc6 1/2-1/2

[Event "Dundee & Angus Major"]
[Site "?"]
[Date "2016.10.08"]
[Round "3"]
[White "Aitchison, A Keith"]
[Black "Sawaryn, Steve"]
[Result "1-0"]
[WhiteElo "1625"]
[BlackElo "1342"]
[PlyCount "83"]
[WhiteTeam "Scotland"]
[BlackTeam "Germany 2"]

1. e4 c5 2. Nf3 d6 3. d4 cxd4 4. Nxd4 Nf6 5. Nc3 g6 6. Be3 Bg7 7. f3 O-O 8. Qd2
Bd7 9. Bh6 Nc6 10. Bxg7 Kxg7 11. O-O-O a6 12. g4 Rc8 13. h4 h5 14. Nf5+ Bxf5
15. gxf5 Ne5 16. Be2 Qa5 17. Kb1 Rc6 18. Nd5 Qxd2 19. Rxd2 Nxd5 20. exd5 Rc7
21. f4 Nc4 22. Rd3 Rfc8 23. c3 Kf6 24. fxg6 fxg6 25. Rg1 b5 26. Rdg3 Nd2+ 27.
Kc2 Ne4 28. Rxg6+ Kf5 29. Bxh5 Kxf4 30. Re6 Nf6 31. Be2 Rg8 32. Rxf6+ exf6 33.
Rxg8 Re7 34. Kd2 Ke5 35. c4 bxc4 36. Bxc4 Rh7 37. Rg4 f5 38. Bd3 Rf7 39. Rg5 a5
40. Rxf5+ Rxf5 41. Bxf5 Kxf5 42. Kd3 1-0

[Event "Dundee & Angus Major"]
[Site "?"]
[Date "2016.10.08"]
[Round "3"]
[White "McMillan, Andrew"]
[Black "Smith, Stephen"]
[Result "1-0"]
[WhiteElo "1294"]
[BlackElo "1676"]
[PlyCount "93"]
[WhiteTeam "Scotland"]
[BlackTeam "Germany 2"]

1. e4 e6 2. d3 d5 3. Qe2 Nf6 4. Nf3 Be7 5. g3 c5 6. Bg2 Nc6 7. O-O O-O 8. e5
Nd7 9. Nc3 a6 10. a4 Rb8 11. h4 b5 12. axb5 axb5 13. h5 h6 14. Re1 b4 15. Nd1
Bb7 16. Bf4 Qc7 17. Qd2 Kh7 18. Bh3 Ra8 19. Rb1 Na5 20. Kh2 b3 21. c3 d4 22.
Bg2 dxc3 23. Nxc3 Nb6 24. Ra1 Nd5 25. Rec1 Nxf4 26. Qxf4 Rad8 27. Qe3 Bxf3 28.
Qxf3 Bg5 29. Re1 Bd2 30. Qe4+ Kh8 31. Reb1 Rb8 32. Qa4 Bxc3 33. bxc3 b2 34. Ra2
Qxe5 35. Qxa5 Qxh5+ 36. Kg1 Qe2 37. Qa3 Qxd3 38. Raxb2 Rxb2 39. Rxb2 Qd1+ 40.
Bf1 Qd5 41. c4 Qd6 42. Qa7 Qc6 43. Rb5 Rc8 44. Qxf7 Rc7 45. Qf8+ Kh7 46. Bd3+
g6 47. Rb8 1-0

[Event "Dundee & Angus Major"]
[Site "?"]
[Date "2016.10.08"]
[Round "3"]
[White "Kerridge, Simon"]
[Black "Clegg, Robert"]
[Result "0-1"]
[WhiteElo "1499"]
[BlackElo "1779"]
[PlyCount "64"]
[WhiteTeam "Scotland"]
[BlackTeam "Germany 2"]

1. b3 e5 2. Bb2 d6 3. e3 g6 4. d4 Nd7 5. dxe5 dxe5 6. Bc4 Bg7 7. Qd5 Qf6 8. Nd2
Ne7 9. Qf3 O-O 10. O-O-O Nb6 11. Qxf6 Bxf6 12. Ngf3 Nc6 13. Bb5 Bd7 14. Ne4 Bg7
15. Nc5 Bg4 16. Nxb7 Ne7 17. Be2 a5 18. a4 Ned5 19. Nc5 c6 20. h3 Bxf3 21. Bxf3
Rfe8 22. c4 Nb4 23. e4 Ra7 $11 24. Rd2 Bh6 25. Rhd1 Nd7 26. Nxd7 Rxd7 27. Bc3
Red8 28. Bxb4 axb4 29. Kb1 Rxd2 30. Rxd2 Rxd2 31. c5 Rxf2 32. a5 Be3 0-1

[Event "Dundee & Angus Major"]
[Site "?"]
[Date "2016.10.08"]
[Round "3"]
[White "Emery, Keith"]
[Black "Atkins, Graham"]
[Result "1-0"]
[WhiteElo "1657"]
[BlackElo "1401"]
[PlyCount "99"]
[WhiteTeam "Scotland"]
[BlackTeam "Germany 2"]

1. e4 g6 2. Nc3 Bg7 3. b3 d6 4. Bb2 Nc6 5. Nf3 Bg4 6. h3 Bxf3 7. Qxf3 Nd4 8.
Qd3 e5 9. Ne2 Nc6 10. O-O-O Nge7 11. f4 O-O 12. g4 Nb4 13. Qc4 a5 14. a3 Na6
15. f5 c6 16. Ng3 d5 17. Qe2 Nc5 18. Qf2 Qd6 19. g5 f6 20. fxg6 hxg6 21. gxf6
Rxf6 22. Qe3 Rf4 23. Bg2 Raf8 24. Rhf1 d4 25. Qe1 Bh6 26. Rxf4 Rxf4 27. Ne2 Rf7
28. Qh4 Kg7 29. Qg3 Bf4 30. Nxf4 Rxf4 31. d3 Qf6 32. Kb1 Ne6 33. Bc1 Rf2 34.
Bd2 b6 35. Be1 Rf4 36. Qh2 Qf8 37. Bg3 g5 38. Bxf4 exf4 39. Bf3 Ng6 40. Rg1
Qxa3 41. Bg4 Nc5 42. Bf5 Kf6 43. Bxg6 a4 44. Qg2 Ne6 45. Qg4 axb3 46. Qf5+ Ke7
47. Qf7+ Kd6 48. e5+ Kxe5 49. Re1+ Kd6 50. Rxe6+ 1-0

[Event "Dundee & Angus Major"]
[Site "?"]
[Date "2016.10.08"]
[Round "3"]
[White "MacQueen, Andrew"]
[Black "Watson, James"]
[Result "1/2-1/2"]
[WhiteElo "1750"]
[BlackElo "1647"]
[PlyCount "58"]
[WhiteTeam "Scotland"]
[BlackTeam "Germany 2"]

1. e4 c5 2. Nf3 d6 3. d4 cxd4 4. Nxd4 Nf6 5. Nc3 a6 6. Bg5 e6 7. f4 Nbd7 8. Qf3
b5 9. O-O-O Qc7 10. Bd3 Bb7 11. Rhe1 O-O-O 12. Re3 Kb8 13. Qe2 h6 14. Bh4 e5
15. fxe5 dxe5 16. Nb3 Ka8 17. Bxb5 Bc5 18. Nxc5 Nxc5 19. Bxf6 Rxd1+ 20. Qxd1
gxf6 21. Bd3 Qb6 22. Nd5 Bxd5 23. exd5 Nb3+ 24. axb3 Qxe3+ 25. Kb1 Ka7 26. Qf1
Rd8 27. Qxf6 Qe1+ 28. Ka2 Qa5+ 29. Kb1 Qe1+ $11 1/2-1/2